Geography of Minnesota - Statistics

General Stats
  • This quiz has been taken 58 times
  • The average score is 16 of 20
Answer Stats
Question Answer % Correct
What are the nicknames for Minnesota? Land of 10,000 {Lakes}
100%
What important river starts in Minnesota and flows through both cities? Mississippi River
100%
Which Great Lake does Minnesota have a coast on? Lake Superior
98%
What is Minnesota's largest city? Minneapolis
98%
What is the state capital of Minnesota? Saint Paul
98%
What massive shopping mall is located in Bloomington? Mall of America
92%
What Minnesotan port city is located on the above lake? Duluth
90%
What region of Europe do 32.1% of Minnesotans have ancestry from, the second- highest percentage of any state behind North Dakota? Scandinavia
85%
What major retailer is headquartered in the above? Target
85%
What region of northeast Minnesota is known for high ore deposits? {Iron} Range
77%
What city in Minnesota is known for the Mayo Clinic? Rochester
77%
What legendary figure is depicted by statues in Akeley, Bemidji, and Brainerd? Paul Bunyan
73%
What is Minnesota's state bird, appearing on its quarter? Common Loon
71%
What lake is shared by Minnesota and the provinces of Ontario and Manitoba? Lake of the Woods
71%
What city on the border of Canada is nicknamed the "Icebox of the Nation"? {International} Falls
69%
What city is located on the other side of the Red River from Moorhead, Minnesota? Fargo
65%
What is Minnesota's highest point, at 2,301 feet? (hint: bird) {Eagle} Mountain
58%
What type of apple, created at the University of Minnesota in 1960, is the state fruit? Honeycrisp
58%
What are the nicknames for Minnesota? The {North} {Star} State
54%
Name any of the three largest lakes that are located entirely in Minnesota Red / Mille Lacs / Leech
52%
No matching quizzes found
Score Distribution
Percent of People with Each Score
Percentile by Number Answered
Your Score History
You have not taken this quiz